El Corpus Christi y las Custodias procesionales de España / (Record no. 70943)

MARC details
000 -LEADER
campo de control de longitud fija 00477nam a2200157 i 4500
001 - NÚMERO DE CONTROL
campo de control 70943
003 - IDENTIFICADOR DE NÚMERO DE CONTROL
campo de control ES-MaACL
005 - FECHA Y HORA DE LA ÚLTIMA TRANSACCIÓN
campo de control 20230906170955.0
007 - CAMPO FIJO DE DESCRIPCIÓN FÍSICA--INFORMACIÓN GENERAL
campo de control de longitud fija t|
008 - DATOS DE LONGITUD FIJA--INFORMACIÓN GENERAL
campo de control de longitud fija 040804s1916 sp ||||1| spa d
100 1# - ENTRADA PRINCIPAL--NOMBRE DE PERSONA
Nombre de persona Gascón de Gotor, Anselmo.
9 (RLIN) 55860
245 13 - MENCIÓN DEL TÍTULO
Título El Corpus Christi y las Custodias procesionales de España /
Mención de responsabilidad, etc. Anselmo Gascón de Gotor.
260 ## - PUBLICACIÓN, DISTRIBUCIÓN, ETC.
Lugar de publicación, distribución, etc. Barcelona :
Nombre del editor, distribuidor, etc. [s.n.,
Fecha de publicación, distribución, etc. 1916] (
Fabricante Serra Hermanos)
300 ## - DESCRIPCIÓN FÍSICA
Extensión 158 p. ;
Dimensiones 24 cm.
852 ## - LOCALIZACIÓN
Ubicación ES-MaACL
Número de control de estantería F-9969
Holdings
Estatus retirado Estado de pérdida Estado de daño No para préstamo Biblioteca de origen Biblioteca actual Ubicación en estantería Fecha de adquisición Fuente de adquisición Total de préstamos Signatura topográfica completa Código de barras Visto por última vez Precio de reemplazo Tipo de ítem Koha
        Biblioteca del Ateneo de Madrid Biblioteca del Ateneo de Madrid Sala Pecera Planta 2 17/01/2008     F-9969 1074290 23/02/2023 23/02/2023 Libro impreso